| 000 | 03452ncm2a2200409 4500 | ||
|---|---|---|---|
| 001 | RU\NLR\ONIZ\298620 | ||
| 005 | 20250625090121.0 | ||
| 035 | _a(NLR Aleph) 022017854 | ||
| 071 | 2 | 0 | _aЗак. 870 |
| 090 |
_a12503185 _c12503185 |
||
| 100 | _a20230719d1928 |||y0rusy50 ca | ||
| 101 | 0 | _arus | |
| 102 | _aRU | ||
| 125 | _acx | ||
| 135 | _acrcn 024anaba | ||
| 145 | 0 | _ab | |
| 200 | 1 |
_aАльбом № 1 _bНоты _fсоставил и редактировал Д. С. Блок |
|
| 203 |
_aМузыка _bзнаковая _bвизуальная _cнепосредственная |
||
| 210 |
_aМосква _cТеа-кино-печать _d1928 |
||
| 215 |
_a31, [1] с. _d32 см |
||
| 313 | _aСистематизация документа проведена по изданию - Методика классифицирования музыкальных произведений (нотных изданий) по таблицам Библиотечно-библиографических классификаций : метод. рекомендации / Гос. б-ка СССР им. В.И. Ленина.- М., 1977. Индексу ББК методических рекомендаций присваивается код ББК для научных библиотек - LBC/SL | ||
| 325 | _aКопия доступна в Электрон. б-ке РНБ | ||
| 327 | 1 | _a№ 1. Песнь любви / Бекке ; № 2. Приговор отчаяние / Бекке. № 3 Смерть / [Ф.] Шопен. № 4. Опасность - душевное волнение / Бекке ; № 5. Воспоминание / Бекке ; № 6 Страдание - бурное об'яснение / Бекке ; № 7. Призраки - угрызения совести / Бекке ; № 8. Нападение - убийство / Бекке ; № 9. Катастрофа на море - буря / Бекке ; № 10. Буря в песках (самум) - преследование / Бекке ; № 11. "На помощь!" - гроза-перестрелка / Бекке. № 12. Гавот, - идилия - игры - комедия / Клейн. № 13. Маленькая балетная сцена / Бекке. № 14. Японский марш / Иосхитомо. № 15. Восточная мелодия-грусть / Поппи. № 16. 1905 год : революц. шествие-нападение полиции - апофеоз "К светлому будущему" / Д. Дубинский. | |
| 461 | 0 |
_1001RU\NLR\ONIZ\298618 _12001#$aКино-музыка$bНоты$eнотные альбомы$eпособие для кино-иллюстраторов$v№ 1 _912503183 _cЛенинград _d1928-1930 _oнотные альбомы : пособие для кино-иллюстраторов _tКино-музыка: Ноты _v№ 1 |
|
| 702 | 1 |
_9z01790 _aБлок _bД. С. _f1888-1948 _gДавид Семенович _4340 _7ca |
|
| 790 | 1 |
_9z01702 _aBlok _bD. S. _f1888-1948 _gDavid Semjonovič _4340 _7ba |
|
| 801 | 0 |
_aRU _bNLR _c20230719 _gPSBO |
|
| 801 | 1 |
_aRU _bNLR _c20230719 _2rusmarc |
|
| 801 | 2 |
_aRU _bNLR _c20230802 |
|
| 852 |
_aNLR _bМ _j255-4/27(1) _p135494 _t1 |
||
| 942 | _cSCORE | ||
| 980 | _aNB | ||
| 980 | _aONIZ | ||
| 981 | 2 | 4 | _a(24) Нотные издания и аудиозаписи |